1296 1022 1960 1253 1702 1181 1144 1714 1539 1661 1367 1649 1329 1861 1511 1656 1067 1548 1064 1976 1508 1407 1073 1198 1663 1192 1608 1239 1681 1623 1497 2000 1956 1590 1349 1787 1723 1509 1314 1409 1567 1005 1441 1112 1344 1314 1013 1405 1863 1990 1562 1069 1970 1081 1286 1260 1090 1028 1511 1655 1876 1697 1283 1858 1097 1358 1623 1944 1005 1876 1516 1145 1402 1138 1313 1768 1763 1077 1566 1192 1782 1322 1978 1997 1292 1274 1008 1414 1593 1323 1346 1095 1555 1155 1107 1784 1898 1293 1372 BCNSPRNW ULIB Ver.6.0+V

เปลี่ยนเป็นภาษาไทย

Change to English
 แสดงรายละเอียดบรรณานุกรม
  กลับหน้าหลัก

Brief Record : Get Marc (ISO 2709) : E-mail record : QR code < ปิดหน้าต่าง
LEADER : 00000nam 2200000uu 4500
001    13399122622
003     ULIB
008    130819s2010||||th 000 0 eng d
020    ^a9781437702729
060    ^aQS17^bN474
100    ^aJohn T. Hansen
245    ^aNetters clinical anatomy. /^cJohn T. Hansen
250    ^a2nd ed
260    ^aSaunders/Elsevier :^bPhiladelphia, Pa,^c2010
300    ^a470 pages;^b27 cm
650    ^aAnatomy ^xAtlases
650    ^aClinical Medicine ^xAtlases
945    ^p0^l0^i20075
999    ^aทศพร เกษรทอง
รายการนี้ยังไม่มีแท็ก
คุณยังไม่ได้ล็อกอิน คุณสามารถมีกิจกรรมร่วมกับเว็บไซต์ได้ แต่ต้องล็อกอินก่อน ::
  ล็อกอิน

รายการสื่อสารสนเทศ

ลำดับที่ ประเภท เลขเรียก/บาร์โค้ด สถานที่ สถานะ
1. วิทยาศาสตร์การแพทย์ และสุขภาพ
วิทยาศาสตร์การแพทย์ และสุขภาพ
QS17 N474 C.1 
  Barcode: 20075
ห้องสมุดวิทยาเขตสวรรค์ประชารักษ์
►หนังสือทั่วไป
บนชั้น

BibComment


ยังไม่เคยถูกคอมเมนท์

คอมเมนท์ทรัพยากรรายการนี้
  คอมเมนท์: Netters clinical..


 Copyright 2026. Bcnsprnw @Library